000 01170nam a2200277 i 4500
003 EG-GICUC
005 20260428182137.0
008 260414s1978 xxx||||f |||| 10| 0 eng d
040 _aEG-GiCUC
_cEG-GiCUC
_beng
_dEG-GiCUC
_erda
082 _221
_a343
_bCO . C
099 _aLaw1 10 343 CO . C 1978 1009152 C1
111 _athe international colloquium organized and hosted
_d(1978 :
_cstockholmmay)
245 1 0 _aContemporary Developments in the Definition and Punishment of Sex Offences :
_bproceeding of the international colloquium organized and hosted by the swedish national section international association of penal law, held in stockholm, may 31 to june 3, 1978.
264 1 _aPlace of publication not identified :
_bAssociation Internationale de Droit :
_bérès,
_c1978.
300 _a172 pages ;
_c22 cm.
336 _2rda content
_atext
337 _2rda media
_aComputer
338 _2rda carrier
_aOnline Resource
490 0 _3Nouvelles etudes penales
500 _aIncludes index.
650 1 _aCriminal law
_2qrmak
651 1 _2qrmak
856 4 0 _uhttps://fll.law.cu.edu.eg/fulltext/bks/B10-09152.pdf
905 _a162
942 _2ddc
_n0
_cBK
_e21
999 _c70981
_d70981